Il reale e il fantastico : la seduzione nelle opere dell'"ultimo" Svevo /

Bibliographic Details
Main Author: Lamberti, Enza (Author)
Format: Book
Language:Italian
Published: Salerno : Edisud Salerno, [2017]
Series:Civiltà letterarie ; 54.
Subjects:

MARC

Tag First Indicator Second Indicator Subfields
LEADER 00000cam a2200000 i 4500
001 in00003813619
005 20170926131214.0
008 160630s2017 it b 001 0 ita d
010 |a  2016473543 
020 |a 9788898257171 
020 |a 8898257171 
035 |a (OCoLC)ocn973886498 
040 |a ItFiC  |e rda  |c C3L  |d DLC  |d TXA  |d UtOrBLW 
042 |a lccopycat 
049 |a TXAM 
050 0 0 |a PQ4841.C482  |b Z7138 2017 
082 0 0 |a 853  |2 14 
100 1 |a Lamberti, Enza,  |e author.  |0 http://id.loc.gov/authorities/names/no2017029779 
245 1 3 |a Il reale e il fantastico :  |b la seduzione nelle opere dell'"ultimo" Svevo /  |c Enza Lamberti. 
264 1 |a Salerno :  |b Edisud Salerno,  |c [2017] 
300 |a 121 pages ;  |c 22 cm. 
336 |a text  |b txt  |2 rdacontent 
337 |a unmediated  |b n  |2 rdamedia 
338 |a volume  |b nc  |2 rdacarrier 
490 1 |a Le civiltà letterarie ;  |v 54 
504 |a Includes bibliographical references and index. 
600 1 0 |a Svevo, Italo,  |d 1861-1928  |x Criticism and interpretation. 
650 0 |a Seduction in literature.  |0 http://id.loc.gov/authorities/subjects/sh85119519 
650 0 |a Science in literature.  |0 http://id.loc.gov/authorities/subjects/sh85118667 
830 0 |a Civiltà letterarie ;  |v 54.  |0 http://id.loc.gov/authorities/names/no2017039029 
948 |a cataloged  |b h  |c 2017/6/27  |d c  |e dmitchel  |f 11:10:20 am 
994 |a C0  |b TXA 
999 f f |s ae6be1fb-1a30-3757-8966-f38cab062d5b  |i 8982eb7e-d0f0-3ac7-9281-d3d9c0162ef4  |t 0 
952 f f |p normal  |a Texas A&M University  |b College Station  |c Sterling C. Evans Library  |d Evans: Library Stacks  |t 0  |e PQ4841.C482 Z7138 2017  |h Library of Congress classification  |i unmediated -- volume  |m A14850199812 
998 f f |a PQ4841.C482 Z7138 2017  |t 0  |l Evans: Library Stacks